Kris Kristofferson Filmography - Statistics

General Stats
  • This quiz has been taken 14 times
    6 since last reset
  • The average score is 26 of 168
Answer Stats
Type Year Name % Correct
Film 1978 Convoy
60%
Film 1976 A Star Is Born
40%
Film 1980 Heaven's Gate
40%
Film 1999 Molokai: The Story of Father Damien
40%
TV Film 1999 NetForce
40%
Film 1973 Pat Garrett and Billy the Kid
40%
Film 1999 Payback
40%
Film 2017 The Star
40%
TV Film 2005 14 Hours
20%
Film 2014 7 Minutes
20%
Film 2017 Abilene
20%
Film 1974 Alice Doesn't Live Here Anymore
20%
TV Mini-Series 1987 Amerika
20%
Film 2013 Angels Sing
20%
TV Film 1991 Another Pair of Aces: Three of a Kind
20%
Film 1998 A Soldier's Daughter Never Cries
20%
TV Film 1995 Big Dreams & Broken Hearts: The Dottie West Story
20%
Film 1988 Big Top Pee-wee
20%
Film 1998 Blade
20%
Film 2002 Blade II
20%
Film 2004 Blade: Trinity
20%
Film 2018 Blaze
20%
TV Film 1986 Blood & Orchids
20%
Film 2010 Bloodworth
20%
TV Film 1996 Blue Rodeo
20%
Film 1973 Blume in Love
20%
Documentary 2006 Brats: Our Journey Home
20%
Film 1974 Bring Me the Head of Alfredo Garcia
20%
TV Film 1995 Brothers' Destiny
20%
Film 2001 Chelsea Walls
20%
TV Film 1992 Christmas in Connecticut
20%
Film 1972 Cisco Pike
20%
Short Film 2000 Comanche
20%
Short Film 2007 Crossing the Heart
20%
Film 1998 Dance with Me
20%
Film 2012 Deadfall
20%
TV Film 1997 Dead Man's Gun
20%
TV Show 1997-1999 Dead Man's Gun
20%
Film 2006 Disappearances
20%
Film 2011 Dolphin Tale
20%
Film 2014 Dolphin Tale 2
20%
TV Film 2015 Down Dog
20%
Film 2005 Dreamer
20%
Film 2002 D-Tox
20%
Video Game 2010 Fallout: New Vegas
20%
Film 2006 Fast Food Nation
20%
Film 1997 Fire Down Below
20%
Film 1984 Flashpoint
20%
Short Film 2004 Forever Is a Long, Long Time
20%
Film 2009 For Sale by Owner
20%
TV Film 1979 Freedom Road
20%
Film 1998 Girls' Night
20%
Video Game 2005 Gun
20%
TV Show 2009 Handy Manny
20%
Film 2009 He's Just Not That into You
20%
Film 2017 Hickok
20%
Film 2007 I'm Not There
20%
TV Film 1995 Inflammable
20%
Short Film 2009 John Rich: Shuttin' Detroit Down
20%
Film 2012 Joyful Noise
20%
Film 2008 Jump Out Boys
20%
Film 1993 Knights
20%
Film 1999 Limbo
20%
TV Film 2004 Lives of the Saints
20%
Film 1996 Lone Star
20%
Film 2013 Midnight Stallion
20%
Film 1989 Millennium
20%
TV Film 1991 Miracle in the Wilderness
20%
Film 1990 Night of the Cyclone
20%
Film 1993 No Place to Hide
20%
Film 1992 Original Intent
20%
TV Film 1990 Pair of Aces
20%
Film 1993 Paper Hearts
20%
Film 2006 Payback: Straight Up
20%
TV Mini-Series 2000 Perfect Murder, Perfect Town: JonBenét and the City of Boulder
20%
Film 1995 Pharaoh's Army
20%
Film 2001 Planet of the Apes
20%
Film 2008 Powder Blue
20%
Film 1981 Rollover
20%
Short Film 2006 Room 10
20%
Film 1990 Sandino
20%
TV Show 1976 Saturday Night Live
20%
Film 1977 Semi-Tough
20%
Film 2004 Silver City
20%
Film 2008 Snow Buddies
20%
TV Film 1994 Sodbusters
20%
Film 1984 Songwriter
20%
TV Film 1986 Stagecoach
20%
TV Film 1995 Tad
20%
TV Mini-Series 2015 Texas Rising
20%
TV Film 2003 The Break
20%
Film 1973 The Gospel Road: A Story of Jesus
20%
Film 2011 The Greening of Whitney Brown
20%
Film 2005 The Jacket
20%
Film 1999 The Joyriders
20%
Film 1998 The Land Before Time VI: The Secret of Saurus Rock
20%
TV Show 1994 The Larry Sanders Show
20%
TV Film 1986 The Last Days of Frank and Jesse James
20%
TV Film 1984 The Last Honor of Kathryn Beck
20%
Film 1982 The Last Horror Film
20%
Film 1971 The Last Movie
20%
Film 2010 The Last Rites of Ransom Pride
20%
TV Film 1999 The Long Kill
20%
Film 2012 The Motel Life
20%
TV Show 1978 The Muppet Show
20%
Film 2016 The Red Maple Leaf
20%
Film 1976 The Sailor Who Fell from Grace with the Sea
20%
TV Film 1988 The Tracker
20%
Film 2005 The Wendell Baker Story
20%
Documentary 2014 The Winding Stream: The Carters, the Cashes and the Course of Country Music
20%
Film 2016 Traded
20%
Film 1985 Trouble in Mind
20%
TV Film 1993 Trouble Shooters: Trapped Beneath the Earth
20%
TV Film 1998 Two for Texas
20%
Film 1976 Vigilante Force
20%
Film 1989 Welcome Home
20%
Film 2003 Where the Red Fern Grows
20%
Film 2001 Wooly Boys
20%
Film 2010 Yohan: The Child Wanderer
20%
Award Show 1986 20th Annual Country Music Awards
0%
Documentary Series 1995 Adventures of the Old West
0%
Documentary Series 2001 American Roots Music
0%
Documentary Mini-Series 1996 America's Music: The Roots of Country
0%
TV Special 2013 An Evening with Kris Kristofferson
0%
Film 2017 Best Friend from Heaven
0%
Award Show 1977 Billboard No. 1 Music Awards
0%
TV Show 1975 Cher
0%
TV Special 2005 CMT: 20 Greatest Country Bands
0%
Documentary Mini-Series 2019 Country Music
0%
TV Show 1973 Dean Martin Presents Music Country
0%
TV Show 1970 Disco 2
0%
TV Show 1977, 1978 Donny and Marie
0%
Documentary 2008 Elvis: Return to Tupelo
0%
TV Documentary 1994 Elvis: The Tribute
0%
TV Show 1972 Flip
0%
TV Film 1974 Free to Be... You & Me
0%
Documentary Series 2003 Get Up, Stand Up
0%
TV Special 1989 Grammy Living Legends
0%
TV Show 1994, 2007 Great Performances
0%
TV Show 1985 Hee Haw
0%
TV Show 1972 In Concert
0%
TV Show 1975 In Concert
0%
Documentary 2002 John Ford Goes to War
0%
TV Documentary 1993 Kris Kristofferson: His Life and Work
0%
Film 2018 Lawless Range
0%
TV Show 1971 Nashville North
0%
TV Show 1971 Rollin' on the River
0%
Documentary 2006 Sacred Tibet: The Path to Mount Kailash
0%
TV Show 1983 Salute!
0%
TV Documentary 2004 Sam Peckinpah's West: Legacy of a Hollywood Renegade
0%
Film 2014 San Patricios
0%
TV Show 1982 Sing Country
0%
TV Show 1978 Sounds Like Friday
0%
TV Show 1982 Standing Room Only
0%
TV Documentary 1980 Stepping Out: The Debolts Grow Up
0%
TV Show 1973 The Dean Martin Show
0%
TV Show 1970 The Johnny Cash Show
0%
TV Special 2017 The Life & Songs of Kris Kristofferson
0%
TV Show 1971, 1977 The Mike Douglas Show
0%
TV Show 1972 The Old Grey Whistle Test
0%
TV Show 1972 The Rolf Harris Show
0%
TV Show 1975 The Smothers Brothers Show
0%
TV Show 1970 The Smothers Brothers Summer Show
0%
TV Show 1973 The Sonny and Cher Comedy Hour
0%
TV Special 1979 The Unbroken Circle: A Tribute to Mother Maybelle Carter
0%
TV Show 1971 Tom Smothers' Organic Prime Time Space Ride
0%
Documentary Series 1996 VH1 Legends
0%
Film 2017 Wheeler
0%
No matching quizzes found
Score Distribution
Percent of People with Each Score
Percentile by Number Answered
Your Score History
You have not taken this quiz since the last reset